000 00831cam a22002654a 4500
008
020 _a0702018775 (pbk.)
049 _aMAIN
090 _aRC454
_bPUR
100 1 _aPuri, Basant K.
245 1 0 _aSaunders' pocket essentials of psychiatry /
_cBasant K. Puri.
260 _aEdinburgh ;
_aNew York :
_bW.B. Saunders,
_c1995.
300 _a323 p. ;
_c19 cm.
440 0 _aSaunders' pocket essentials
500 _aIncludes index.
650 0 _aPsychiatry
_vHandbooks, manuals, etc.
650 1 2 _aMental Disorders
_xdiagnosis
_vHandbooks.
650 1 2 _aMental Disorders
_xtherapy
_vHandbooks.
650 2 2 _aPsychiatry
_xmethods
_vHandbooks.
907 _a.b10362332
_b11-09-15
_c11-09-15
003
005 20230120204159.0
040 _cNUST
942 _cBOOKS
_kRC454
_mPUR
999 _c118565
_d118565